B56_東京から見て西にある市区町村 - Statistics

General Stats
  • This quiz has been taken 13 times
  • The average score is 144 of 263
Answer Stats
東京
からの
方位角
東京
からの
距離
都道府県 種類 市区町村名 % Correct
262.5 20.6 東京都 府中市
100%
274.8 26.8 東京都 立川市
100%
259.9 602.4 広島県 府中市
100%
259.7 672.3 広島県 府中町
100%
264.9 13.0 東京都 三鷹市
89%
272.0 18.2 東京都 小金井市
89%
280.7 20.8 東京都 小平市
89%
270.9 21.2 東京都 国分寺市
89%
267.4 23.7 東京都 国立市
89%
265.0 28.0 東京都 日野市
89%
265.2 35.2 東京都 八王子市
89%
274.3 50.3 東京都 檜原村
89%
270.3 92.0 山梨県 山梨市
89%
268.4 102.8 山梨県 甲府市
89%
268.4 107.6 山梨県 甲斐市
89%
267.1 566.6 鳥取県 江府町
89%
266.8 570.4 鳥取県 日野町
89%
275.9 6.1 東京都 特別区 杉並区
78%
272.5 31.7 東京都 昭島市
78%
278.4 34.4 東京都 福生市
78%
276.1 37.3 東京都 あきる野市
78%
277.7 40.7 東京都 日の出町
78%
262.6 69.8 山梨県 大月市
78%
271.0 88.2 山梨県 甲州市
78%
271.2 113.8 山梨県 韮崎市
78%
274.9 116.1 山梨県 北杜市
78%
275.9 158.9 長野県 伊那市
78%
279.4 175.6 長野県 木祖村
78%
275.7 182.7 長野県 木曽町
78%
264.1 200.9 岐阜県 中津川市
78%
273.9 222.8 岐阜県 下呂市
78%
261.3 231.7 岐阜県 土岐市
78%
261.0 236.7 岐阜県 多治見市
78%
264.5 268.5 岐阜県 岐阜市
78%
262.2 275.4 岐阜県 羽島市
78%
263.4 282.7 岐阜県 大垣市
78%
263.3 312.4 滋賀県 米原市
78%
264.6 312.5 滋賀県 長浜市
78%
259.0 357.7 滋賀県 大津市
78%
259.2 365.6 京都府 京都市
78%
262.7 54.3 山梨県 上野原市
67%
267.2 96.4 山梨県 笛吹市
67%
277.7 157.5 長野県 南箕輪村
67%
279.5 157.5 長野県 箕輪町
67%
266.7 162.8 長野県 松川町
67%
263.9 171.7 長野県 飯田市
67%
267.6 189.9 長野県 南木曽町
67%
263.2 209.4 岐阜県 恵那市
67%
269.2 215.5 岐阜県 東白川村
67%
267.6 227.9 岐阜県 白川町
67%
264.8 233.4 岐阜県 八百津町
67%
264.2 245.3 岐阜県 美濃加茂市
67%
272.2 247.9 岐阜県 郡上市
67%
265.4 247.9 岐阜県 富加町
67%
262.8 252.6 愛知県 犬山市
67%
265.8 253.4 岐阜県 関市
67%
267.1 253.8 岐阜県 美濃市
67%
263.6 260.9 岐阜県 各務原市
67%
261.5 266.7 愛知県 一宮市
67%
260.3 269.9 愛知県 稲沢市
67%
263.9 275.2 岐阜県 瑞穂市
67%
265.8 279.9 岐阜県 大野町
67%
260.2 283.3 岐阜県 海津市
67%
266.3 285.1 岐阜県 揖斐川町
67%
277.2 292.3 福井県 大野市
67%
263.9 295.8 岐阜県 関ケ原町
67%
262.5 315.9 滋賀県 彦根市
67%
280.5 317.7 福井県 坂井市
67%
273.9 317.7 福井県 南越前町
67%
275.2 320.3 福井県 越前市
67%
259.5 324.0 滋賀県 東近江市
67%
276.5 324.4 福井県 越前町
67%
270.1 330.3 福井県 敦賀市
67%
260.2 333.5 滋賀県 近江八幡市
67%
264.6 334.8 滋賀県 高島市
67%
269.4 340.9 福井県 美浜町
67%
259.3 341.3 滋賀県 野洲市
67%
268.4 344.2 福井県 若狭町
67%
267.6 359.2 福井県 小浜市
67%
267.5 371.0 福井県 おおい町
67%
262.1 440.2 兵庫県 多可町
67%
266.9 482.5 鳥取県 若桜町
67%
264.4 505.9 岡山県 奈義町
67%
259.2 673.0 広島県 坂町
67%
259.7 676.9 広島県 広島市
67%
278.9 71.9 山梨県 丹波山村
56%
264.8 107.9 山梨県 中央市
56%
265.5 112.6 山梨県 南アルプス市
56%
262.9 113.4 山梨県 富士川町
56%
280.9 134.5 長野県 富士見町
56%
265.6 151.8 長野県 大鹿村
56%
271.9 160.2 長野県 駒ヶ根市
56%
265.0 164.5 長野県 豊丘村
56%
258.8 172.1 長野県 泰阜村
56%
261.7 179.5 長野県 阿智村
56%
273.7 182.1 長野県 上松町
56%
270.4 183.9 長野県 大桑村
56%
274.4 195.1 長野県 王滝村
56%
261.3 225.1 岐阜県 瑞浪市
56%
266.7 234.6 岐阜県 七宗町
56%
263.7 235.0 岐阜県 御嵩町
56%
263.7 241.4 岐阜県 可児市
56%
262.5 255.8 愛知県 扶桑町
56%
260.8 257.3 愛知県 小牧市
56%
260.7 261.1 愛知県 岩倉市
56%
259.9 262.3 愛知県 北名古屋市
56%
258.9 264.5 愛知県 清須市
56%
266.4 265.6 岐阜県 山県市
56%
263.6 267.0 岐阜県 岐南町
56%
263.1 269.1 岐阜県 笠松町
56%
258.8 269.2 愛知県 あま市
56%
258.8 275.0 愛知県 津島市
56%
265.4 276.6 岐阜県 本巣市
56%
262.7 278.4 岐阜県 安八町
56%
261.6 281.9 岐阜県 輪之内町
56%
265.3 285.2 岐阜県 池田町
56%
263.7 289.4 岐阜県 垂井町
56%
259.3 295.4 三重県 いなべ市
56%
275.1 304.5 福井県 池田町
56%
279.2 310.5 福井県 永平寺町
56%
261.4 314.0 滋賀県 多賀町
56%
278.5 317.3 福井県 福井市
56%
276.3 319.3 福井県 鯖江市
56%
260.6 322.3 滋賀県 愛荘町
56%
258.9 332.7 滋賀県 竜王町
56%
259.3 344.3 滋賀県 守山市
56%
267.7 377.4 福井県 高浜町
56%
261.6 389.9 京都府 南丹市
56%
267.7 392.0 京都府 舞鶴市
56%
262.7 393.3 京都府 京丹波町
56%
265.1 405.6 京都府 綾部市
56%
269.3 442.7 兵庫県 豊岡市
56%
259.3 443.2 兵庫県 小野市
56%
267.3 448.6 兵庫県 養父市
56%
259.4 466.9 兵庫県 姫路市
56%
260.3 478.3 兵庫県 たつの市
56%
259.3 539.2 岡山県 岡山市
56%
258.8 593.4 広島県 福山市
56%
276.2 598.1 島根県 海士町
56%
266.8 610.7 島根県 奥出雲町
56%
263.3 615.2 広島県 庄原市
56%
261.9 647.5 広島県 安芸高田市
56%
259.5 650.1 広島県 東広島市
56%
262.2 662.2 広島県 北広島町
56%
259.6 689.0 広島県 廿日市市
56%
261.9 692.4 広島県 安芸太田町
56%
265.0 698.8 島根県 浜田市
56%
263.3 724.6 島根県 益田市
56%
259.8 770.2 山口県 山口市
56%
261.7 770.7 山口県 萩市
56%
261.8 791.0 山口県 長門市
56%
259.0 824.1 山口県 下関市
56%
263.2 965.2 長崎県 対馬市
56%
276.3 69.4 山梨県 小菅村
44%
266.4 106.0 山梨県 昭和町
44%
262.9 109.7 山梨県 市川三郷町
44%
268.1 159.3 長野県 中川村
44%
273.5 159.4 長野県 宮田村
44%
265.1 166.1 長野県 高森町
44%
265.3 239.7 岐阜県 川辺町
44%
263.9 248.2 岐阜県 坂祝町
44%
259.5 252.8 愛知県 春日井市
44%
261.8 256.8 愛知県 大口町
44%
259.8 258.1 愛知県 豊山町
44%
261.9 260.1 愛知県 江南市
44%
264.9 275.2 岐阜県 北方町
44%
264.7 282.3 岐阜県 神戸町
44%
262.4 288.3 岐阜県 養老町
44%
279.0 292.1 福井県 勝山市
44%
259.8 382.9 京都府 亀岡市
44%
268.9 408.8 京都府 宮津市
44%
269.3 412.4 京都府 与謝野町
44%
258.9 417.0 兵庫県 三田市
44%
265.3 417.6 京都府 福知山市
44%
270.3 420.4 京都府 京丹後市
44%
260.0 438.7 兵庫県 加東市
44%
260.5 450.2 兵庫県 加西市
44%
261.6 455.8 兵庫県 市川町
44%
262.2 474.6 兵庫県 宍粟市
44%
270.6 475.8 兵庫県 新温泉町
44%
259.4 494.7 兵庫県 赤穂市
44%
269.0 497.2 鳥取県 鳥取市
44%
263.2 509.2 岡山県 美作市
44%
259.8 512.9 岡山県 備前市
44%
264.0 522.4 岡山県 津山市
44%
268.6 533.6 鳥取県 倉吉市
44%
264.5 544.9 岡山県 真庭市
44%
258.9 554.3 岡山県 倉敷市
44%
262.2 554.4 岡山県 吉備中央町
44%
265.9 559.9 岡山県 新庄村
44%
269.7 562.7 鳥取県 大山町
44%
261.5 562.9 岡山県 高梁市
44%
268.4 571.9 鳥取県 伯耆町
44%
263.8 572.1 岡山県 新見市
44%
269.0 573.8 鳥取県 日吉津村
44%
268.9 578.4 鳥取県 米子市
44%
277.6 579.4 島根県 隠岐の島町
44%
266.1 583.8 鳥取県 日南町
44%
270.2 586.5 鳥取県 境港市
44%
261.3 597.6 広島県 神石高原町
44%
275.3 602.9 島根県 知夫村
44%
269.6 603.6 島根県 松江市
44%
276.1 605.5 島根県 西ノ島町
44%
260.5 617.9 広島県 世羅町
44%
268.7 631.1 島根県 出雲市
44%
266.0 649.7 島根県 美郷町
44%
267.2 656.3 島根県 大田市
44%
264.5 666.6 島根県 邑南町
44%
265.8 684.4 島根県 江津市
44%
260.4 724.2 島根県 吉賀町
44%
262.2 728.3 島根県 津和野町
44%
262.4 761.9 山口県 阿武町
44%
260.1 794.3 山口県 美祢市
44%
259.7 941.6 長崎県 壱岐市
44%
269.8 161.5 長野県 飯島町
33%
263.7 167.0 長野県 喬木村
33%
259.8 177.0 長野県 下條村
33%
261.1 317.2 滋賀県 甲良町
33%
261.2 320.0 滋賀県 豊郷町
33%
259.7 398.1 大阪府 能勢町
33%
271.0 401.0 京都府 伊根町
33%
261.7 413.1 兵庫県 丹波篠山市
33%
263.7 427.6 兵庫県 丹波市
33%
261.0 436.6 兵庫県 西脇市
33%
266.3 441.7 兵庫県 朝来市
33%
262.6 456.3 兵庫県 神河町
33%
261.0 456.9 兵庫県 福崎町
33%
270.6 459.5 兵庫県 香美町
33%
259.9 476.5 兵庫県 太子町
33%
259.8 486.5 兵庫県 相生市
33%
270.0 486.6 鳥取県 岩美町
33%
264.8 490.8 岡山県 西粟倉村
33%
262.6 492.0 兵庫県 佐用町
33%
261.0 494.8 兵庫県 上郡町
33%
267.9 495.4 鳥取県 八頭町
33%
266.1 499.2 鳥取県 智頭町
33%
263.5 512.8 岡山県 勝央町
33%
260.5 514.3 岡山県 和気町
33%
259.0 523.6 岡山県 瀬戸内市
33%
260.3 527.8 岡山県 赤磐市
33%
263.3 528.2 岡山県 美咲町
33%
264.4 528.4 岡山県 鏡野町
33%
262.4 529.0 岡山県 久米南町
33%
269.3 529.6 鳥取県 湯梨浜町
33%
268.3 530.5 鳥取県 三朝町
33%
269.3 539.2 鳥取県 北栄町
33%
269.4 545.1 鳥取県 琴浦町
33%
258.9 548.8 岡山県 早島町
33%
259.9 554.2 岡山県 総社市
33%
259.8 569.6 岡山県 矢掛町
33%
268.0 579.7 鳥取県 南部町
33%
259.7 581.3 岡山県 井原市
33%
269.0 585.6 島根県 安来市
33%
268.0 618.6 島根県 雲南市
33%
263.0 631.2 広島県 三次市
33%
265.1 639.9 島根県 飯南町
33%
265.3 659.6 島根県 川本町
33%
259.0 666.8 広島県 熊野町
33%
259.4 670.2 広島県 海田町
33%
258.9 701.9 広島県 大竹市
33%
258.9 801.3 山口県 山陽小野田市
33%
259.0 850.7 福岡県 芦屋町
22%
258.8 856.6 福岡県 岡垣町
22%
No matching quizzes found
Score Distribution
Percent of People with Each Score
Percentile by Number Answered
Your Score History
You have not taken this quiz